Costos funcionales (Registro nro. 1989)
[ vista simple ]
| 000 -LEADER | |
|---|---|
| fixed length control field | 01363 a2200193 4500 |
| 001 - CONTROL NUMBER | |
| control field | 29955 |
| 005 - DATE AND TIME OF LATEST TRANSACTION | |
| control field | 20260407155610.0 |
| 008 - FIXED-LENGTH DATA ELEMENTS--GENERAL INFORMATION | |
| fixed length control field | 260407a1950 arg spa d |
| 003 - CONTROL NUMBER IDENTIFIER | |
| control field | AR-UNSa-BCEJYS |
| 040 ## - CATALOGING SOURCE | |
| Original cataloging agency | AR-UNSa-BCEJYS |
| Language of cataloging | spa |
| Transcribing agency | AR-UNSa-BCEJYS |
| 080 ## - UNIVERSAL DECIMAL CLASSIFICATION NUMBER | |
| Universal Decimal Classification number | 657.47 |
| Common auxiliary subdivision | Contabilidad de Costos |
| 100 1# - MAIN ENTRY--PERSONAL NAME | |
| Personal name | Cholvis, Francisco |
| 245 10 - TITLE STATEMENT | |
| Title | Costos funcionales |
| 264 #1 - PRODUCTION, PUBLICATION, DISTRIBUTION, MANUFACTURE, AND COPYRIGHT NOTICE | |
| Date of production, publication, distribution, manufacture, or copyright notice | 1950 |
| 300 ## - PHYSICAL DESCRIPTION | |
| Extent | 181 p. |
| Dimensions | 23 cm. |
| 505 ## - FORMATTED CONTENTS NOTE | |
| Formatted contents note | 1. Introcción al estudio de los costos funcionales - 2. Costos de producción y de ventas - 3. Clasificación de cuentas objetiva y funcional - 4. Costos duncionales - 5. Costos funcionales de administración - 6. Determinación de los costos funcionales de administración - 7. Análisis de los costos funcionales de administración - 8. Costos funcionales de producción - 9. Determinación de los costos funcionales de producción - 10. Análisis de los costos funcionales de producción - 11. Costos funcionales de distribución - 12. Determinación de los costos funcionales de distribución - 13. Analisis de los costos funcionales de distribución - 14. Costos funcionales de financiación - 15. Determinación de los costos funcionales de financiación - 16. Análisis de los costos funcionales de financiación - 17. Los costos funcionales y el control presupuestario |
| 590 ## - LOCAL NOTE (RLIN) | |
| Local note | niveau_biblio:m niveau_hierar:0 |
| 942 ## - ADDED ENTRY ELEMENTS (KOHA) | |
| Koha item type | |
| Withdrawn status | Lost status | Damaged status | Not for loan | Home library | Current library | Shelving location | Date acquired | Total checkouts | Full call number | Barcode | Date last seen | Price effective from | Koha item type |
|---|---|---|---|---|---|---|---|---|---|---|---|---|---|
| Biblioteca Prof. Eusebio Cleto del Rey | Biblioteca Prof. Eusebio Cleto del Rey | 07/04/2026 | 657.47 C547 | L20038 | 07/04/2026 | 07/04/2026 | Libro | ||||||
| Biblioteca Prof. Eusebio Cleto del Rey | Biblioteca Prof. Eusebio Cleto del Rey | 07/04/2026 | 657.47 C547 | L20039 | 07/04/2026 | 07/04/2026 | Libro |